| 000 | 00547nam a2200229Ia 4500 | ||
|---|---|---|---|
| 003 | OSt | ||
| 005 | 20221007082308.0 | ||
| 006 | a|||||r|||| 00| 0 | ||
| 007 | ta | ||
| 008 | 221006b |||||||| |||| 00| 0 eng d | ||
| 024 | _a25,210 | ||
| 037 | _cTextual | ||
| 040 |
_aFLL _cFLL _beng |
||
| 041 |
_2eng _aeng |
||
| 082 | _aZ3:8610w, L3 | ||
| 100 |
_aFarmer _9698980 |
||
| 245 | 0 | _aTribunals and government | |
| 260 | _c1973 | ||
| 300 |
_a245p _ccm. |
||
| 942 |
_hZ3:8610w, L3 _cTEXL _2CC |
||
| 999 |
_c1165963 _d1165963 |
||